Normal view
MARC view
Entry Personal Name
001 - CONTROL NUMBER
- control field: 1115503
003 - CONTROL NUMBER IDENTIFIER
- control field: OSt
005 - DATE AND TIME OF LATEST TRANSACTION
- control field: 20260212165000.0
008 - FIXED-LENGTH DATA ELEMENTS
- fixed length control field: 260212|| aca||aabn | a|a d
040 ## - CATALOGING SOURCE
- Original cataloging agency: OSt
- Transcribing agency: OSt
100 ## - HEADING--PERSONAL NAME
- Personal name: रस्तोगी, गिरीश
670 ## - SOURCE DATA FOUND
- Source citation: Work cat.: (OSt)1679488: रस्तोगी, गिरीश , नाट्यचिन्तन और रंगदर्शन अंतरसंबंध , 2013.
